[Event "World Youth Girl U16 2016"]
[Site "Khanty-Mansiysk RUS"]
[Date "2016.09.29"]
[Round "7.19"]
[White "Afonasieva, Anna"]
[Black "Kopcova, Ludmila"]
[Result "1-0"]
[WhiteTitle "WFM"]
[WhiteElo "2132"]
[BlackElo "1798"]
[WhiteFideId "24173606"]
[BlackFideId "363774"]
[EventDate "2016.09.22"]

1. d4 Nf6 2. Nf3 d6 3. c4 Nbd7 4. g3 e5 5. Bg2 Be7 6. O-O O-O 7. Nc3 c6 8. Qc2
Re8 9. Rd1 Qc7 10. b3 Bf8 11. dxe5 dxe5 12. Bb2 a5 13. a3 Nb6 14. Ne4 Nxe4 15.
Qxe4 f6 16. h4 Be6 17. Rac1 Bc5 18. b4 axb4 19. axb4 Bf8 20. c5 Nd5 21. Ra1 b6
22. Rxa8 Rxa8 23. Bxe5 Qd7 24. Bb2 bxc5 25. bxc5 Bf7 26. Qc2 Qb7 27. Bd4 Ra5 28.
Nd2 Qa7 29. Ne4 Bg6 30. Qc4 Ra4 31. Qc1 Qe7 32. Nc3 Nxc3 33. Qxc3 Qe6 34. Be3
Rc4 35. Qb3 Bc2 36. Bh3 Qf7 37. Qb6 Bxd1 38. Qxc6 f5 39. Bg2 Re4 40. Bxe4 fxe4
41. Qa6 Qd5 42. c6 Bxe2 43. Qxe2 Qxc6 44. Qa2+ Kh8 45. Qf7 Qf6 46. Qe8 Qe7 47.
Qa8 h6 48. Kg2 Kh7 49. h5 g6 50. Qd5 gxh5 51. Qf5+ Kh8 52. Qxh5 Kh7 53. Qf5+ Kh8
54. Qg6 Qh7 55. Bd4+ Bg7 56. Qe8+ Qg8 57. Qxe4 Bxd4 58. Qxd4+ Kh7 59. Kf3 Qf7+
60. Qf4 Qh5+ 61. Ke4 Qe2+ 62. Kf5 Qh5+ 63. Kf6 Qg6+ 64. Ke7 Qb1 65. Qf7+ Kh8 66.
Kf8 Qb4+ 67. Qe7 Qd4 68. f4 Qc3 69. Qe5+ 1-0

[Event "World Youth Girl U16 2016"]
[Site "Khanty-Mansiysk RUS"]
[Date "2016.09.29"]
[Round "7.20"]
[White "Khristenko, Anna"]
[Black "Ni Mhuireagain, Eibhia"]
[Result "1/2-1/2"]
[WhiteElo "1938"]
[BlackElo "1433"]
[WhiteFideId "24173886"]
[BlackFideId "2505665"]
[EventDate "2016.09.22"]

1. Nf3 Nf6 2. g3 d5 3. Bg2 c6 4. O-O Bf5 5. d3 e6 6. Nh4 Bg6 7. Nxg6 hxg6 8. Nd2
Bd6 9. e4 dxe4 10. dxe4 Nbd7 11. Nc4 Bc7 12. Qe2 Nb6 13. Bg5 Nxc4 14. Qxc4 Qe7
15. Rad1 e5 16. h3 Rd8 17. Be3 a6 18. Rxd8+ Qxd8 19. Qb4 Qc8 20. Rd1 a5 21. Qb3
O-O 22. Bf1 Rd8 23. Rxd8+ Bxd8 24. Bb6 Bxb6 25. Qxb6 Qd7 26. Qxa5 Qd1 27. Kg2
Qxc2 28. Qa8+ Kh7 29. Qxb7 Qxe4+ 30. Kh2 1/2-1/2

[Event "World Youth Girl U16 2016"]
[Site "Khanty-Mansiysk RUS"]
[Date "2016.09.29"]
[Round "7.21"]
[White "Zairbek kyzy, Begimay"]
[Black "Gundogan, Sinem Cagla"]
[Result "0-1"]
[BlackTitle "WCM"]
[WhiteElo "1836"]
[BlackElo "1933"]
[WhiteFideId "13803603"]
[BlackFideId "6325378"]
[EventDate "2016.09.22"]

1. e4 e5 2. Nc3 Bc5 3. Bc4 Nf6 4. d3 Nc6 5. f4 d6 6. f5 Na5 7. Bb3 Nxb3 8. axb3
d5 9. Bg5 Bb4 10. Bxf6 Qxf6 11. exd5 Bxf5 12. Ra4 a5 13. Qa1 O-O 14. Nf3 Qb6 15.
Qd1 Rfe8 16. Kd2 Qh6+ 17. Ke2 e4 18. dxe4 Bxe4 19. Nxe4 Rxe4+ 20. Kf1 Rae8 21.
c3 Qa6+ 22. c4 Qf6 23. Rxb4 axb4 24. Kf2 Qxb2+ 25. Kg3 Re2 26. Rg1 Qf6 27. h4
Qd6+ 28. Kh3 h5 29. Rf1 Qd7+ 30. Kh2 Qg4 31. Ne1 Qxh4+ 32. Kg1 Rxe1 0-1

[Event "World Youth Girl U16 2016"]
[Site "Khanty-Mansiysk RUS"]
[Date "2016.09.29"]
[Round "7.22"]
[White "Dong, Khanh Linh"]
[Black "Kozybayeva, Alisa"]
[Result "1-0"]
[WhiteTitle "WCM"]
[WhiteElo "1671"]
[BlackElo "1888"]
[WhiteFideId "12403040"]
[BlackFideId "13708317"]
[EventDate "2016.09.22"]

1. d4 d5 2. c4 e6 3. Nf3 Nf6 4. g3 Bd6 5. c5 Be7 6. Bg2 O-O 7. O-O Nc6 8. a3 a5
9. Nc3 b6 10. cxb6 cxb6 11. Bf4 Ba6 12. Re1 Nh5 13. Qd2 Nxf4 14. Qxf4 Bd6 15.
Qd2 f5 16. Ng5 Nxd4 17. Qxd4 Qxg5 18. Nxd5 Bc5 19. Qf4 Qxf4 20. Nxf4 Rae8 21.
Bc6 Re7 22. e4 fxe4 23. Rxe4 Bc8 24. b4 Bxf2+ 25. Kxf2 g5 26. Rg1 gxf4 27. gxf4+
Rg7 28. Rg3 axb4 29. Rxb4 e5 30. Rxb6 exf4 31. Rxg7+ Kxg7 32. a4 Bg4 33. a5 Rd8
34. Rb2 Rd3 35. Ra2 Be6 36. Ra1 Rd2+ 37. Kf3 Bd5+ 38. Bxd5 Rxd5 39. a6 Rd8 40.
Kxf4 Kf6 41. a7 Ra8 42. Ra6+ Kf7 43. Ke5 1-0

[Event "World Youth Girl U16 2016"]
[Site "Khanty-Mansiysk RUS"]
[Date "2016.09.29"]
[Round "7.23"]
[White "Busuioc, Alexandra"]
[Black "Tumova, Anna"]
[Result "1-0"]
[WhiteElo "1876"]
[BlackElo "1711"]
[WhiteFideId "1635778"]
[BlackFideId "367397"]
[EventDate "2016.09.22"]

1. e4 e6 2. d4 d5 3. Nc3 dxe4 4. Nxe4 Nd7 5. Bd3 Ngf6 6. Qe2 Nxe4 7. Bxe4 Nf6 8.
Bxb7 Rb8 9. Bxc8 Qxc8 10. Nf3 Be7 11. O-O O-O 12. b3 Rd8 13. Bb2 Nd5 14. c4 Qa6
15. Ne5 f6 16. Nd3 Nb4 17. Nxb4 Bxb4 18. Qg4 c5 19. dxc5 Rd2 20. Bxf6 Rb7 21.
Rad1 Rf7 22. Rxd2 Bxd2 23. Bd4 Bh6 24. Qe2 Rd7 25. Be3 Bxe3 26. Qxe3 Qxa2 27.
Qxe6+ Rf7 28. c6 Qa5 29. b4 Qc7 30. Rd1 Kf8 31. Rd7 Rxd7 32. cxd7 1-0

[Event "World Youth Girl U16 2016"]
[Site "Khanty-Mansiysk RUS"]
[Date "2016.09.29"]
[Round "7.24"]
[White "Tomcikova, Zuzana"]
[Black "Cieslak, Wiktoria"]
[Result "0-1"]
[WhiteElo "1621"]
[BlackElo "1869"]
[WhiteFideId "14939126"]
[BlackFideId "1160036"]
[EventDate "2016.09.22"]

1. e4 c5 2. Nc3 e6 3. g3 Nc6 4. Bg2 Nge7 5. d3 d5 6. f4 dxe4 7. Nxe4 Nd5 8. Nf3
Be7 9. O-O O-O 10. a3 f5 11. Nf2 Bf6 12. Rb1 Qd6 13. Re1 Rb8 14. Qe2 Nd4 15.
Nxd4 Bxd4 16. c3 Bf6 17. Nh3 h6 18. Bd2 Rd8 19. Rbd1 b5 20. Kh1 Nb6 21. Be3 a5
22. d4 c4 23. Ng1 b4 24. axb4 axb4 25. Nf3 bxc3 26. bxc3 Na4 27. Rc1 Ba6 28. Bd2
Re8 29. Ne5 Nb2 30. Ra1 Rb3 31. Reb1 Reb8 32. Nc6 R8b6 33. Nb4 Bb5 34. Bf1 Bxd4
35. cxd4 c3 36. Qh5 Qxb4 37. Ra8+ Kh7 38. Bxb5 Qxb5 39. Ra7 Qd5+ 40. Kg1 Qxd4+ 0-1

[Event "World Youth Girl U16 2016"]
[Site "Khanty-Mansiysk RUS"]
[Date "2016.09.29"]
[Round "7.25"]
[White "Blazeka, Mihaela"]
[Black "Griciute, Rosita"]
[Result "1/2-1/2"]
[WhiteElo "1868"]
[BlackElo "1641"]
[WhiteFideId "14528576"]
[BlackFideId "12811238"]
[EventDate "2016.09.22"]

1. e4 e5 2. Nf3 Nc6 3. Bc4 Bc5 4. c3 Nf6 5. d3 d6 6. Bb3 O-O 7. O-O h6 8. h3 Re8
9. Re1 Bb6 10. Nbd2 Ne7 11. Nc4 Ng6 12. Nxb6 axb6 13. Nh2 Be6 14. Bxe6 Rxe6 15.
Qf3 Qd7 16. g4 Nh7 17. Qg3 Rae8 18. h4 Qd8 19. Nf3 Ngf8 20. h5 Ng5 21. Nxg5 hxg5
22. Qe3 Nh7 23. Kg2 Qd7 24. Rh1 Rf6 25. Qg3 d5 26. Be3 c5 27. Rhd1 d4 28. cxd4
cxd4 29. Bd2 Rc6 30. Rdc1 Qe6 31. Rxc6 bxc6 32. Qf3 Nf6 33. Kg3 Nh7 34. Qf5 Qxf5
35. gxf5 f6 36. a4 Ra8 37. b3 Nf8 38. Rc1 c5 39. Rh1 Kh7 40. Ra1 Nd7 41. Kf3 b5 1/2-1/2

[Event "World Youth Girl U16 2016"]
[Site "Khanty-Mansiysk RUS"]
[Date "2016.09.29"]
[Round "7.26"]
[White "Shih, Ching-An"]
[Black "Krapivina, Galina"]
[Result "1-0"]
[WhiteTitle "WCM"]
[WhiteElo "1460"]
[BlackElo "1834"]
[WhiteFideId "16300653"]
[BlackFideId "24159182"]
[EventDate "2016.09.22"]

1. Nf3 f5 2. g3 Nf6 3. Bg2 d6 4. d4 g6 5. c4 Bg7 6. Nc3 O-O 7. O-O c6 8. e3 Qe8
9. b3 e5 10. Bb2 e4 11. Nd2 Be6 12. Qc2 Bf7 13. Rad1 Nbd7 14. Rfe1 g5 15. Ndb1
Bh5 16. Rc1 Qg6 17. Nd2 Qh6 18. f3 exf3 19. Nxf3 f4 20. exf4 gxf4 21. Ne2 Bg6
22. Qd2 Ne4 23. Qb4 fxg3 24. Nxg3 Nxg3 25. hxg3 Bh5 26. Qxb7 Bxf3 27. Bxf3 Qd2
28. Re2 Qg5 29. Kg2 Rad8 30. Rf1 Kh8 31. Qxc6 Nf6 32. Bc1 Qf5 33. Be4 Qg4 34.
Bf3 Qxd4 35. Be3 Qd3 36. Bxa7 Ra8 37. Bf2 Rac8 38. Qb5 d5 39. Re3 Qd2 40. Bxd5
Qxa2 41. Ree1 Qa3 42. Qa4 Qd6 43. Re6 Qb8 44. Kg1 Nxd5 45. cxd5 Rfd8 46. d6 Rc3
47. Ba7 Qc8 48. Re7 Rc2 49. Rf2 Rxf2 50. Bxf2 Qf5 51. Qc6 h5 52. Qc5 Qg6 53. Be3 1-0

[Event "World Youth Girl U16 2016"]
[Site "Khanty-Mansiysk RUS"]
[Date "2016.09.29"]
[Round "7.27"]
[White "Nazarova, Veronika"]
[Black "Campos Toledo, Andrea Celeste"]
[Result "1/2-1/2"]
[WhiteElo "1303"]
[BlackElo "1750"]
[WhiteFideId "4506944"]
[BlackFideId "3826171"]
[EventDate "2016.09.22"]

1. e4 c5 2. Nf3 e6 3. d4 cxd4 4. Nxd4 a6 5. c4 Nf6 6. Nc3 Qc7 7. Be2 Bb4 8. f3
b5 9. Qd3 bxc4 10. Qxc4 Qxc4 11. Bxc4 Bb7 12. Bd2 O-O 13. O-O Bc5 14. Be3 d6 15.
Rad1 Nbd7 16. Nc2 Ne5 17. Bxc5 dxc5 18. Ne3 Bc6 19. Rd6 Nxc4 20. Nxc4 Bb5 21. b3
Rab8 22. Nxb5 axb5 23. Ne5 Ra8 24. Rc6 Rfc8 25. Rxc8+ Rxc8 26. Rd1 1/2-1/2

[Event "World Youth Girl U16 2016"]
[Site "Khanty-Mansiysk RUS"]
[Date "2016.09.29"]
[Round "7.28"]
[White "Gardiner, Nina"]
[Black "Wijesuriya, G P Y"]
[Result "0-1"]
[WhiteElo "1530"]
[BlackElo "1588"]
[WhiteFideId "14306867"]
[BlackFideId "9906959"]
[EventDate "2016.09.22"]

1. e4 e5 2. Nf3 Nc6 3. Bc4 Bc5 4. c3 Nf6 5. d3 O-O 6. Nbd2 d5 7. Bb3 Bg4 8. O-O
d4 9. Bc2 h6 10. Re1 Be6 11. Nf1 dxc3 12. bxc3 Ng4 13. Be3 Nxe3 14. fxe3 f5 15.
d4 fxe4 16. Bxe4 exd4 17. exd4 Bb6 18. Bxc6 Bc8 19. Qb3+ Kh8 20. Be4 Qf6 21. Ng3
Be6 22. Qc2 Rab8 23. Ne5 Qxe5 24. Bh7 Qd6 25. Ne4 Qd7 26. Ng3 c5 27. Kh1 cxd4
28. cxd4 Bg8 29. Bf5 Qxd4 30. Rad1 Qf2 31. Qd3 Rbd8 32. Qa3 Bd5 33. Rg1 Bxg2+
34. Rxg2 Rxd1+ 35. Rg1 Rxg1# 0-1

[Event "World Youth Girl U16 2016"]
[Site "Khanty-Mansiysk RUS"]
[Date "2016.09.29"]
[Round "7.29"]
[White "Horn, Caro"]
[Black "Oberholzer, Marni"]
[Result "0-1"]
[WhiteElo "1229"]
[BlackElo "1683"]
[WhiteFideId "15200884"]
[BlackFideId "14310414"]
[EventDate "2016.09.22"]

1. e4 d5 2. exd5 Qxd5 3. Nc3 Qd6 4. d4 Nf6 5. Nf3 a6 6. Bd3 Bg4 7. Be3 e6 8. h3
Bh5 9. g4 Bg6 10. g5 Nd5 11. Nxd5 Qxd5 12. Bxg6 hxg6 13. Qe2 Nd7 14. h4 Bd6 15.
a3 Nb6 16. O-O-O Qa2 17. Ne5 Bxe5 18. b3 Qxa3+ 19. Kb1 Nd5 20. Bd2 Bxd4 21. c3
Qxb3+ 22. Kc1 Bxc3 23. Bxc3 Nxc3 24. Qc2 Na2+ 25. Kd2 Rd8+ 26. Ke2 Qxc2+ 27. Kf3
Rxd1 28. Rh2 Qf5+ 29. Ke2 Qd3# 0-1

[Event "World Youth Girl U16 2016"]
[Site "Khanty-Mansiysk RUS"]
[Date "2016.09.30"]
[Round "8.1"]
[White "Yao, Lan"]
[Black "Shuvalova, Polina"]
[Result "1/2-1/2"]
[BlackTitle "WFM"]
[WhiteElo "2235"]
[BlackElo "2393"]
[WhiteFideId "8610835"]
[BlackFideId "24171760"]
[EventDate "2016.09.22"]

1. e4 e5 2. Nf3 Nc6 3. Bc4 Bc5 4. b4 Bb6 5. a4 a6 6. Nc3 Nf6 7. Nd5 d6 8. Nxb6
cxb6 9. d3 O-O 10. c3 d5 11. exd5 Nxd5 12. Qb3 Nf4 13. Bxf4 exf4 14. O-O Bg4 15.
d4 Bxf3 16. gxf3 Qh4 17. Kh1 Rad8 18. Qc2 Ne7 19. Rg1 Ng6 20. Bd3 Qh3 21. Be4
Rd7 22. Rg5 f6 23. Rd5 Nh4 24. Rg1 Nxf3 25. Rg2 Re7 26. Qd3 Qxg2+ 27. Kxg2 Ne1+
28. Kf1 Nxd3 29. Bxd3 f5 30. Kg2 g5 31. Bxf5 Kg7 32. Bg4 Kg6 33. Rd6+ Rf6 34.
Bh5+ Kg7 35. Rd8 Rc6 36. d5 Rxc3 37. d6 Re6 38. Bg4 Rf6 39. d7 Rd6 40. Rb8 Rcd3
41. Rxb7 Kg6 42. Be2 R3d4 43. Bxa6 Rxb4 44. Bb5 Rbd4 45. h3 h5 46. Rb8 Kg7 47.
Rb7 Kf6 48. Rb8 Rd2 49. Kf3 R2d4 50. Rh8 Kg6 51. Rg8+ Kf6 52. Rh8 Kg6 53. Rg8+ 1/2-1/2

[Event "World Youth Girl U16 2016"]
[Site "Khanty-Mansiysk RUS"]
[Date "2016.09.30"]
[Round "8.2"]
[White "Di Benedetto, Desiree"]
[Black "Aakanksha, Hagawane"]
[Result "1/2-1/2"]
[WhiteTitle "WFM"]
[WhiteElo "2183"]
[BlackElo "2183"]
[WhiteFideId "875813"]
[BlackFideId "25014510"]
[EventDate "2016.09.22"]

1. Nf3 d5 2. c4 d4 3. b4 f6 4. e3 e5 5. c5 a5 6. Qa4+ Nc6 7. b5 Nb4 8. a3 Nd5 9.
Qc2 Qe7 10. c6 dxe3 11. dxe3 Qc5 12. Qxc5 Bxc5 13. cxb7 Bxb7 14. Bb2 Nge7 15.
Be2 O-O-O 16. O-O h5 17. Nc3 Nxc3 18. Bxc3 Bb6 19. Rfd1 g5 20. Rxd8+ Rxd8 21.
Rd1 Nd5 22. Bb2 Rd6 23. Ne1 h4 24. Bg4+ Kb8 25. Nc2 Bc5 26. Kf1 Ka7 27. g3 hxg3
28. hxg3 c6 29. bxc6 Bxc6 30. e4 Nb6 31. Rxd6 Bxd6 32. f3 Nc4 33. Bc1 Ba4 34.
Be6 Bxc2 35. Bxc4 Bd1 36. Kf2 Bc5+ 37. Kg2 Bd4 38. Bb5 a4 39. Bc4 Kb6 40. Bd3
Kc6 41. Bd2 Kd6 42. Bf1 Bc5 43. Bc1 Bc2 44. Kh3 Bb3 45. Kg4 Be6+ 46. Kh5 Bf7+
47. Kg4 Be6+ 48. Kh5 Ke7 49. Kg6 Bf7+ 50. Kf5 Be6+ 51. Kg6 Bb3 52. Be2 Bc2 53.
Kf5 Bb3 54. Kg6 1/2-1/2

[Event "World Youth Girl U16 2016"]
[Site "Khanty-Mansiysk RUS"]
[Date "2016.09.30"]
[Round "8.3"]
[White "Vazquez Maccarini, Danitza"]
[Black "Kazarian, Anna-Maja"]
[Result "0-1"]
[WhiteTitle "WIM"]
[BlackTitle "FM"]
[WhiteElo "2142"]
[BlackElo "2231"]
[WhiteFideId "3101193"]
[BlackFideId "1033689"]
[EventDate "2016.09.22"]

1. e4 e6 2. d4 d5 3. Nc3 dxe4 4. Nxe4 Bd7 5. Bd3 Bc6 6. Nf3 Nd7 7. O-O Ngf6 8.
Qe2 Nxe4 9. Bxe4 Bxe4 10. Qxe4 c6 11. b3 Nf6 12. Qe2 Qd5 13. c4 Qe4 14. Re1 Qxe2
15. Rxe2 Be7 16. Bb2 O-O 17. h3 Rfd8 18. Rd1 a5 19. Bc3 a4 20. Rb1 b5 21. Ne5
Rdc8 22. Nd3 axb3 23. axb3 bxc4 24. bxc4 Ra3 25. Rc1 Rb3 26. Rb2 Rcb8 27. Rcb1
Rxb2 28. Rxb2 Rxb2 29. Bxb2 Nd7 30. c5 Kf8 31. Bc1 e5 32. d5 cxd5 33. c6 Nb6 34.
Nxe5 Bd6 35. Nf3 Bc5 36. Bf4 Ke7 37. Kf1 f6 38. Ke2 Nc8 39. Bg3 Bd6 40. Bxd6+
Kxd6 41. Nd4 g6 42. f4 Ne7 43. c7 Kxc7 44. Kd3 Kd7 45. g4 Nc6 46. Nb5 h5 47. Nc3
Kd6 48. Nb5+ Kc5 49. Nc7 Nb4+ 50. Kd2 hxg4 51. hxg4 Kd4 52. Ne8 g5 53. fxg5 fxg5
54. Nf6 Ke5 55. Nh7 Kf4 56. Nf6 d4 57. Ke2 Kg3 58. Ke1 Nd3+ 59. Ke2 Ne5 60. Kd2
Kf3 61. Kc2 Ke2 62. Ne4 d3+ 63. Kc1 Nc4 64. Nc3+ Ke1 65. Kb1 Ne3 66. Kc1 d2+ 67.
Kb2 Nd1+ 0-1

[Event "World Youth Girl U16 2016"]
[Site "Khanty-Mansiysk RUS"]
[Date "2016.09.30"]
[Round "8.4"]
[White "Yakubbaeva, Nilufar"]
[Black "Alinasab, Mobina"]
[Result "1/2-1/2"]
[BlackTitle "WFM"]
[WhiteElo "1896"]
[BlackElo "2230"]
[WhiteFideId "14204487"]
[BlackFideId "12528897"]
[EventDate "2016.09.22"]

1. e4 e6 2. Qe2 c5 3. g3 Nc6 4. Nf3 Be7 5. Bg2 d6 6. O-O Nf6 7. c3 O-O 8. d4
cxd4 9. cxd4 d5 10. e5 Nd7 11. Nc3 a6 12. Be3 b5 13. Rac1 Bb7 14. Rfd1 Nb6 15.
h4 b4 16. Nb1 a5 17. Bg5 Ba6 18. Qe1 Rc8 19. Bf1 Bxf1 20. Kxf1 a4 21. Kg2 Nc4
22. Qe2 h6 23. Bxe7 Qxe7 24. b3 axb3 25. axb3 N4a5 26. Qd3 Na7 27. Nbd2 Qb7 28.
Ng1 Nb5 29. Ne2 Na3 30. f4 Rxc1 31. Rxc1 Rc8 32. Kf2 Rxc1 33. Nxc1 Qc6 34. Ne2
Nb5 35. Nb1 Qb6 36. Ke3 Nc6 37. Nd2 Na3 38. Nf3 Na7 39. g4 Nc6 40. h5 Ne7 41.
Kd2 Qc6 42. Ng3 Qc3+ 43. Qxc3 Nb1+ 44. Kd3 Nxc3 45. Ne1 Nc6 46. Nc2 Nb5 47. Ne2
g6 48. Ng3 Na3 49. Ne2 gxh5 50. gxh5 Nb5 51. Ng3 Na3 52. Ne2 Nb5 53. Ng3 Na3 54.
Ne2 Nb5 55. Ng3 f5 56. Ne2 Kf7 57. Nc1 Nc7 58. Ke3 Na6 59. Nd3 Ke7 60. Kd2 Kf7
61. Nc1 Nc7 62. Nd3 Na6 63. Nc1 Nc7 64. Nd3 Na6 65. Nc1 Nc7 66. Nd3 Na6 67. Nc1 1/2-1/2

[Event "World Youth Girl U16 2016"]
[Site "Khanty-Mansiysk RUS"]
[Date "2016.09.30"]
[Round "8.5"]
[White "Kiolbasa, Oliwia"]
[Black "Sliwicka, Alicja"]
[Result "0-1"]
[WhiteTitle "WIM"]
[BlackTitle "WFM"]
[WhiteElo "2196"]
[BlackElo "2092"]
[WhiteFideId "1154613"]
[BlackFideId "1150677"]
[EventDate "2016.09.22"]

1. e4 e5 2. Nf3 Nc6 3. Bb5 a6 4. Ba4 Nf6 5. O-O Be7 6. Re1 b5 7. Bb3 d6 8. c3
O-O 9. d4 Bg4 10. d5 Na5 11. Bc2 c6 12. h3 Bc8 13. dxc6 Qc7 14. Nbd2 Qxc6 15.
Nf1 Nc4 16. a4 Be6 17. Ng5 Bd7 18. b3 Na5 19. Bd2 Qc7 20. axb5 axb5 21. Ne3 h6
22. Nf3 Rfe8 23. Qe2 Bf8 24. Nh2 b4 25. c4 Nc6 26. Rxa8 Nd4 27. Qd1 Rxa8 28. Nf3
Nxc2 29. Qxc2 Bc6 30. Nd5 Bxd5 31. exd5 Nxd5 32. Rc1 Nf4 33. Bxf4 exf4 34. Qd2
Qc5 35. Qxf4 Ra2 36. Ne1 Qa5 37. Nd3 Qa3 38. Rb1 Rc2 39. Qd4 Rc3 40. Kh2 Rxb3
41. Rxb3 Qxb3 42. Kg3 Qd1 43. Kf4 Be7 44. Ke3 Bg5+ 45. Ke4 b3 46. c5 Qe2+ 47.
Kd5 Bf6 48. Qe4 Qxe4+ 49. Kxe4 dxc5 50. Kd5 b2 51. Nxb2 Bxb2 52. Kxc5 f5 53. Kd5
Kf7 54. g4 Kf6 55. f3 Kg5 0-1

[Event "World Youth Girl U16 2016"]
[Site "Khanty-Mansiysk RUS"]
[Date "2016.09.30"]
[Round "8.6"]
[White "Amina, Battsooj"]
[Black "Radeva, Viktoria"]
[Result "1-0"]
[WhiteTitle "FM"]
[BlackTitle "WFM"]
[WhiteElo "2302"]
[BlackElo "2143"]
[WhiteFideId "4902661"]
[BlackFideId "2915405"]
[EventDate "2016.09.22"]

1. e4 c6 2. d4 d5 3. Nd2 dxe4 4. Nxe4 Bf5 5. Ng3 Bg6 6. Bc4 e6 7. N1e2 Nf6 8.
Nf4 Bd6 9. O-O Qc7 10. Qf3 O-O 11. c3 Nbd7 12. Bb3 c5 13. Nxg6 hxg6 14. dxc5
Nxc5 15. Bc2 Nd5 16. Bd2 b5 17. h3 Rad8 18. Rad1 Nb6 19. Ne4 Nxe4 20. Qxe4 Nc4
21. Bc1 Rd7 22. h4 Qc5 23. b3 Ne5 24. Be3 Qc7 25. Bf4 Rfd8 26. Rxd6 Qxd6 27.
Bxe5 Qd5 28. Qxd5 Rxd5 29. Bd4 a6 30. Be4 R5d6 31. g4 a5 32. a4 g5 33. Bf3 bxa4
34. bxa4 Rc8 35. Be2 Kf8 36. Rb1 Rd7 37. Rb5 Ra8 38. Kg2 Ke8 39. Kg3 Re7 40. Bf3
Rc8 41. Rxa5 Rd7 42. Ra8 Rxa8 43. Bxa8 Rd6 44. Bb7 gxh4+ 45. Kxh4 g6 46. a5 Rd7
47. a6 Rc7 48. Bf3 Kd8 49. a7 1-0

[Event "World Youth Girl U16 2016"]
[Site "Khanty-Mansiysk RUS"]
[Date "2016.09.30"]
[Round "8.7"]
[White "Priyanka, K"]
[Black "Martynkova, Olena"]
[Result "1-0"]
[BlackTitle "WFM"]
[WhiteElo "2205"]
[BlackElo "2287"]
[WhiteFideId "5082986"]
[BlackFideId "14134039"]
[EventDate "2016.09.22"]

1. e4 e5 2. Nf3 Nc6 3. Bb5 a6 4. Ba4 Nf6 5. O-O Be7 6. Re1 b5 7. Bb3 d6 8. c3
O-O 9. d4 Bg4 10. d5 Na5 11. Bc2 c6 12. h3 Bc8 13. dxc6 Qc7 14. Nbd2 Qxc6 15.
Nf1 Nc4 16. Ng3 Re8 17. a4 g6 18. Qe2 Bb7 19. b3 Nb6 20. axb5 axb5 21. Bd2 Nbd7
22. Bd3 Ba6 23. Ra5 Qc7 24. b4 d5 25. Bxb5 Bxb5 26. Rxb5 Qc6 27. exd5 Nxd5 28.
c4 Nf4 29. Qe4 Qxe4 30. Nxe4 f5 31. Nxe5 Nxe5 32. Rxe5 fxe4 33. Bxf4 Bxb4 34.
R1xe4 Ra1+ 35. Kh2 Rf8 36. Re8 Ra2 37. Be3 Rc2 38. g3 Kf7 39. Rxf8+ Kxf8 40. Kg2
Kf7 41. Kf3 h5 42. g4 hxg4+ 43. hxg4 Be7 44. g5 Bd6 45. Rd4 Ke6 46. Ke4 Rc3 47.
Bd2 Rc2 48. Kd3 Ra2 49. Re4+ Kf5 50. Re8 Bc5 51. Rc8 Ra3+ 52. Ke2 Be7 53. Rc7
Bd6 54. Rf7+ Kg4 55. Rf6 Bc5 56. Rxg6 Ra2 57. f3+ Kg3 58. Rg7 Bb4 59. Rd7 Rc2
60. g6 Bxd2 61. Rxd2 Rxc4 62. g7 Rc8 63. Rd7 Kh4 64. Rd4+ Kh5 65. Rg4 Rg8 66.
Ke3 Kh6 67. Kf4 Rxg7 68. Rxg7 Kxg7 69. Kg5 Kf7 70. Kf5 Kg7 71. Ke6 Kg8 72. f4
Kf8 73. f5 Ke8 74. f6 1-0

[Event "World Youth Girl U16 2016"]
[Site "Khanty-Mansiysk RUS"]
[Date "2016.09.30"]
[Round "8.8"]
[White "Nguyen, Hong Ngoc"]
[Black "Jakab, Kincso"]
[Result "1-0"]
[WhiteElo "1807"]
[BlackElo "1893"]
[WhiteFideId "12403083"]
[BlackFideId "1232002"]
[EventDate "2016.09.22"]

1. d4 d5 2. c4 e6 3. Nf3 c6 4. Nbd2 f5 5. e3 Nf6 6. Be2 Bd6 7. Ne5 O-O 8. f4 b6
9. Bf3 Bb7 10. O-O Nbd7 11. a3 Qc7 12. b4 c5 13. Nxd7 Qxd7 14. bxc5 bxc5 15.
dxc5 Bxc5 16. Nb3 Bb6 17. c5 Bc7 18. Bb2 Ne4 19. Bxe4 fxe4 20. Qg4 Qf7 21. Nd4
Rae8 22. f5 Ba6 23. Rfb1 h5 24. Qg5 Bd8 25. Qg3 e5 26. Ne6 Bd3 27. Bxe5 h4 28.
Qg4 Bxb1 29. Nxd8 Rxd8 30. Rxb1 Rde8 31. Bd4 Rb8 32. Rf1 Rb3 33. Qxh4 Rxa3 34.
Qg5 Ra6 35. f6 g6 36. h4 Kh7 37. Rf4 Rg8 38. Rg4 Rc6 39. h5 gxh5 40. Qf5+ Kh8
41. Rxg8+ Qxg8 42. f7+ 1-0

[Event "World Youth Girl U16 2016"]
[Site "Khanty-Mansiysk RUS"]
[Date "2016.09.30"]
[Round "8.9"]
[White "Sieber, Fiona"]
[Black "Grigoryan, Arpine"]
[Result "1-0"]
[WhiteTitle "WFM"]
[WhiteElo "2268"]
[BlackElo "1942"]
[WhiteFideId "12902373"]
[BlackFideId "13307231"]
[EventDate "2016.09.22"]

1. e4 c6 2. d4 d5 3. e5 Bf5 4. Nf3 e6 5. Be2 Nd7 6. O-O Bg6 7. Nbd2 Ne7 8. Nh4
Nf5 9. Nxg6 hxg6 10. Nf3 Be7 11. c3 Qc7 12. g3 O-O-O 13. Re1 Rh7 14. Bg5 f6 15.
Bf4 fxe5 16. Bxe5 Nxe5 17. Nxe5 Bd6 18. Bd3 Rdh8 19. h4 Bxe5 20. Rxe5 Qf7 21.
Qf3 Qf6 22. Bxf5 gxf5 23. Rae1 Kd7 24. b3 Re8 25. c4 Rhh8 26. cxd5 cxd5 27. Qe2
a6 28. Qd2 f4 29. Qb4 Kc8 30. Qd6 1-0

[Event "World Youth Girl U16 2016"]
[Site "Khanty-Mansiysk RUS"]
[Date "2016.09.30"]
[Round "8.10"]
[White "Prakapuk, Vera"]
[Black "Kochukova, Anna"]
[Result "0-1"]
[BlackTitle "WFM"]
[WhiteElo "1908"]
[BlackElo "2073"]
[WhiteFideId "13507052"]
[BlackFideId "24173932"]
[EventDate "2016.09.22"]

1. e4 e5 2. Nf3 Nf6 3. Nxe5 d6 4. Nf3 Nxe4 5. d4 d5 6. Bd3 Bd6 7. O-O O-O 8. c4
c6 9. Nc3 Nxc3 10. bxc3 h6 11. Ne5 Nd7 12. f4 Nf6 13. Qf3 Bd7 14. Bd2 Qc8 15. f5
dxc4 16. Bxc4 c5 17. Ng4 Nxg4 18. Qxg4 cxd4 19. Bxh6 Be5 20. Rae1 Bf6 21. Bd3
dxc3 22. Rf3 Re8 23. Be4 c2 24. Rc1 Qc4 25. Rf4 Qd4+ 26. Kh1 Qd2 27. Rff1 Qxh6
28. Rxc2 Rac8 29. Rd1 Ba4 30. Rxc8 Rxc8 31. Re1 Rc1 32. Qe2 Rxe1+ 33. Qxe1 b6
34. g3 a6 35. Bd5 Qh5 36. Be4 Qd1 37. Qg1 Qxg1+ 38. Kxg1 Bd4+ 39. Kg2 Bd1 40.
Kf1 Kf8 41. Bb7 a5 42. Ke1 Bc2 43. g4 Bc3+ 44. Ke2 Ke7 45. Bd5 b5 46. h4 b4 47.
Bc4 a4 48. Bd3 b3 49. axb3 axb3 50. g5 Bxd3+ 51. Kxd3 b2 52. Kc2 g6 0-1